000 01218nam a22002772 4500
999 _c9696
_d9696
001 9696
003 BD - JhCC
005 20180729100325.0
008 180322r19781976enka d 000 0 eng d
035 _aOCLC ocm16429683 from D960830M
_a(BD - JhCC)9696
040 _aUKM
_cUKM
_dEQO
_dBD - JhCC
041 _aeng
050 1 _aPE1625
082 0 _a423
_218
_bREA 1976
245 0 4 _aThe 'Reader's digest' great encyclopaedic dictionary /
_cReader's Digest Association.
250 _a3rd ed.
260 _aLondon :
_bReader's Digest Association,
_c1978.
300 _a3 v. (1736 p.) :
_bill. ;
_c24 cm.
500 _aIll. (some col.), col. facsim. on lining papers. - Accompanied by 'The "Reader's digest" pocket dictionary' (vii,687p.; 13cm).
500 _aThis ed. of the '"Reader's digest" great encyclopaedic dictionary' originally published: 1976. Originally published as 'The little Oxford dictionary of current English' / compiled by George Ostler. 4th ed. / edited by Jessie Coulson.
650 0 _aEnglish language
_vDictionaries.
700 1 2 _aOstler, George,
_d-1929.
_tLittle Oxford dictionary of current English.
_f1978.
710 2 _aReader's Digest Association.
942 _2ddc
_cREF